| 000 | 00501nam a2200181Ia 4500 | ||
|---|---|---|---|
| 008 | 240925s9999 xx 000 0 und d | ||
| 020 | _a70444730 | ||
| 082 | _a005.43 MIL | ||
| 100 | _aMiller ,Michael Joseph | ||
| 245 | 0 | _aLinux for Windows Addicts | |
| 250 | _aNA | ||
| 260 |
_aNew Delhi: _bTata McGraw Hill _c,2001. |
||
| 300 |
_axxii,357p. _bNA _fOriginal |
||
| 500 | _aIncludes Index | ||
| 600 | _aComputer Science | ||
| 650 | _aComputer science, information & general works | ||
| 942 | _cBK | ||
| 999 |
_c6647 _d6647 |
||